000 00740nam a2200241Ia 4500
003 OSt
005 20230923113536.0
008 210716s2014 xx 000 0 und d
020 _a9788126544868
040 _cAIMIT LIBRARY
041 _aeng
082 _a005.44
_22
_bNEGC
100 _aNegus, Christopher.
_9134758
245 _aUbunti linux toolbox :
_b1000+ commands for ubuntu and debian power users/
_cby Christopher Negus.
250 _a1
260 _aNew Delhi :
_bWiley India Pvt Ltd ,
_c2014.
300 _axxiv,343 p.;
_bPB
_c24 cm.
650 _2Installing ubuntu and adding software
650 _2Using the shell
650 _2Manipulating text
650 _2Managing the system
942 _2ddc
_cBK
_e2nd
_k005.44 NEGC
999 _c195525
_d195525